Top 50 meilleurs clubs de France 2025 - Statistiques

Statistiques générales
  • Ce quiz a été pris 163 fois
  • Le résultat moyen est 14 sur 50
Statistiques - réponses
Ligue Division Note Réponse % Correct
1 Ligue 1 Première 100 Paris Saint-Germain
97%
3 Ligue 1 Première 95 Olympique de Marseille
93%
5 Ligue 1 Première 94 Olympique Lyonnais
90%
4 Ligue 1 Première 95 AS Monaco
65%
2 Ligue 1 Première 96 Lille OSC
63%
7 Ligue 1 Première 92 Stade Rennais
63%
19 Ligue 2 Deuxième 84 AS Saint-Étienne
56%
9 Ligue 1 Première 90 Stade Brestois 29
56%
6 Ligue 1 Première 92 RC Lens
55%
8 Ligue 1 Première 92 OGC Nice
51%
15 Ligue 1 Première 85 FC Nantes
48%
11 Ligue 1 Première 89 Toulouse FC
45%
10 Ligue 1 Première 90 RC Strasbourg
42%
17 Ligue 1 Première 84 Paris FC
41%
16 Ligue 1 Première 85 FC Metz
39%
13 Ligue 1 Première 88 AJ Auxerre
38%
14 Ligue 1 Première 86 FC Lorient
34%
12 Ligue 2 Deuxième 88 Stade de Reims
33%
31 National 2 Quatrième 77 Girondins de Bordeaux
28%
18 Ligue 1 Première 84 Angers SCO
24%
20 Ligue 1 Première 83 Le Havre AC
21%
39 National Troisième 74 FC Sochaux-Montbéliard
20%
32 Ligue 2 Deuxième 76 AS Nancy
19%
35 Ligue 2 Deuxième 75 Amiens SC
16%
21 Ligue 2 Deuxième 83 Montpellier HSC
16%
24 Ligue 2 Deuxième 80 SC Bastia
16%
38 National Troisième 74 AC Ajaccio
15%
25 Ligue 2 Deuxième 79 ESTAC Troyes
14%
37 National Troisième 74 Dijon FCO
13%
22 Ligue 2 Deuxième 81 EA Guingamp
13%
28 Ligue 2 Deuxième 78 FC Annecy
13%
36 Ligue 2 Deuxième 75 Le Mans FC
13%
34 Ligue 2 Deuxième 76 Pau FC
13%
41 National Troisième 72 SM Caen
13%
26 Ligue 2 Deuxième 79 Stade Lavallois
13%
23 Ligue 2 Deuxième 80 USL Dunkerque
13%
30 Ligue 2 Deuxième 77 Grenoble Foot 38
10%
45 National 3 Cinquième 70 RC France
10%
33 Ligue 2 Deuxième 76 Red Star FC
10%
50 National 2 Quatrième 70 AS Cannes
8%
27 Ligue 2 Deuxième 79 Clermont Foot 63
7%
40 Régional 1 Sixième 72 FC Martigues
6%
47 National Troisième 70 Quevilly Rouen Métropole
6%
29 Ligue 2 Deuxième 78 Rodez Aveyron Football
6%
48 National Troisième 70 Stade Briochin
6%
49 National Troisième 72 Le Puy Foot
4%
43 Ligue 2 Deuxième 71 US Boulogne
4%
42 National Troisième 72 US Concarneau
4%
46 National Troisième 70 FC Rouen 1899
0%
44 National Troisième 70 Orléans LF
0%
Aucun quiz correspondant
Distribution des résultats
% des personnes avec chaque résultat
Percentile par nombre de réponses
Votre historique - résultats
Vous n’avez pas pris ce quiz